• 首页
  • 本馆介绍
  • 公告通知
  • 最新文献
  • 馆藏检索
  • 电子资源
  • 读者导购
  • 参考咨询
  • 我的图书馆
  • 登录
  • 详细信息显示
  • 放入我的书架
  • 预约/预借图书
  • 作者相关作品
  • 分类相关作品
  • 丛书相关作品
  • 出版社相关作品

书目信息

  • 表格格式
  • 工作单格式
  • 卡片格式
题名:
被遗忘的士兵
    
 
作者: 萨杰 著 ;杨华钢 译
分册:  
出版信息: 北京   新华出版社  2015
页数: 487页
开本: 23cm
丛书名:
单 册:
中图分类: I516.55 , K512.54
科图分类:
主题词: 回忆录--德国--现代 , 苏联卫国战争--史料
电子资源:
ISBN: 978-7-5166-2263-6
000 01022nam0 2200277 450
001 0103782728
005 20160712124149.0
010    @a978-7-5166-2263-6@b精装@dCNY68.00
100    @a20160316d2015 em y0chiy0120 ea
101 1  @achi@cfre
102    @aCN@b110000
105    @ab z 000yy
106    @ar
200 1  @a被遗忘的士兵@9Bei Yi;Wei Wang De;Di Shi Bing @e一个德国士兵的苏德战争回忆录@f(法)盖伊·萨杰著@g杨华钢译@b专著
210    @a北京@c新华出版社@d2015
215    @a487页@c地图@d23cm
330    @a本书记述了一个普通德国士兵在1942年至1945年德国与苏联空前惨烈战争中的真实个人见闻,文字描述生动、翔实,深刻刻画了作者的感受和经历。
517 1  @a一个德国士兵的苏德战争回忆录@9yi ge de guo shi bing de su de zhan zheng hui yi lu
606 0  @a回忆录@y德国@z现代
606 0  @a苏联卫国战争@j史料
690    @aI516.55@v5
690    @aK512.54@v5
701  0 @c(法)@a萨杰@f(1925~)@4著@9sa jie
702  0 @a杨华钢@4译@9yang hua gang
801  0 @aCN@bAZmarc@c20230903
905    @aBZT@dI516.55@e7@f1@sI516.55/7
    
    被遗忘的士兵:一个德国士兵的苏德战争回忆录/(法)盖伊·萨杰著/杨华钢译.-北京:新华出版社,2015
    487页:地图;23cm
    
    
    ISBN 978-7-5166-2263-6(精装):CNY68.00
    本书记述了一个普通德国士兵在1942年至1945年德国与苏联空前惨烈战争中的真实个人见闻,文字描述生动、翔实,深刻刻画了作者的感受和经历。
●
相关链接 在五车中查询图书 在当当中查询图书 在豆瓣中查询图书


正题名:被遗忘的士兵     索取号:I516.55/7         预约/预借

序号 登录号 条形码 馆藏地/架位号 状态 备注
1 2000026391   2000026391   旧书回溯/ [索取号:I516.55/7] 在馆    
山东省滨州职业学院图书馆 欢迎您!
大连网信软件有限公司© 版权所有